MESTSKÁ KNIŽNICA GIRALTOVCE  - online katalóg 

Príručka vetného rozboru (Record no. 23972)

000 -NÁVESTIE
fixed length control field 00695nam a2200241 a 4500
001 - EVIDENČNÉ ČÍSLO ZÁZNAMU - Kontrolné číslo
control field vtls000204602
005 - DÁTUM A ČAS POSLEDNEJ TRANSAKCIE
control field 20251024080952.0
008 - ÚDAJE S PEVNOU DĹŽKOU – VŠEOBECNÉ INFORMÁCIE
fixed length control field 970924s1997 xo a drp 000 0 slo c
020 ## - MEDZINÁRODNÉ ŠTANDARDNÉ ČÍSLO KNIHY (ISBN)
Medzinárodné štandardné číslo knihy (ISBN) 8096760203 (brož.)
035 ## - Iný štandardný identifikátor
Iný štandardný identifikátor UKB000218178
040 ## - ZDROJ KATALOGIZÁCIE
Pôvodná katalogizujúca agentúra BAA001
Jazyk katalogizácie slo
Prepisujúca agentúra BAA001
Konvencie popisu AACR2
041 1# - KÓD JAZYKA
Kód jazyka textu/zvukovej stopy alebo samostatných nápisov slo
044 ## - KÓD KRAJINY VYDAVATEĽA/PRODUCENTA
Kód krajiny MARC xo
Kód krajiny ISO SK
080 ## - ČÍSLO MEDZINÁRODNÉHO DESATINNÉHO TRIEDENIA (MDT)
Číslo Medzinárodného desatinného triedenia (MDT) 801.561=854(035)
100 1# - OSOBNÉ MENÁ – VŠEOBECNÉ INFORMÁCIE
Osobné meno Moško, Gustáv,
Dátumy súvisiace s menom 1936-2005
-- 5091
245 00 - NÁZOV
Názov Príručka vetného rozboru
Údaj o zodpovednosti atď. Gustáv Moško
250 ## - ÚDAJ O PORADÍ VYDANIA
Údaj o poradí vydania 1. vyd
260 ## - VYDAVATEĽSKÉ ÚDAJE, DISTRIBÚCIA ATĎ.
Miesto publikovania, distribúcie atď. Prešov
Názov vydavateľa, distibútora atď. Náuka
Dátum publikovania, distribúcie atď. 1997
300 ## - FYZICKÝ POPIS
Rozsah 207 s
650 07 - PRIDANÝ VSTUP – PREDMET – TEMATICKÉ HESLO
Tematické heslo alebo geografický názov ako vstupný prvok slovenčina
Všeobecný pododdiel rozbor vetný
-- príručky
-- 5092
650 07 - PRIDANÝ VSTUP – PREDMET – TEMATICKÉ HESLO
Tematické heslo alebo geografický názov ako vstupný prvok rozbor vetný
Všeobecný pododdiel slovenčina
-- príručky
-- 5093
653 ## - INDEXAČNÝ TERMÍN – VOĽNÉ INDEXOVANIE
Neriadený termín 801.561=854(035)
Holdings
Stav stiahnutia (Blokovanie) (Withrawn status) Stav straty Zdroj klasifikácie pre skladovanie Stav poškodenia (Damaged status) Nie pre výpožičky (Not for loan) Spôsob nadobudnutia (Collection code) Trvalé umiestnenie Aktuálne umiestnenie Dátum nadobudnutia Inventárne číslo (prírastkové číslo) Full call number Čiarový kód Dátum posledného výskytu Cena s účinnosťou od Typ jednotky Koha
          Dar Mestská knižnica Giraltovce Mestská knižnica Giraltovce 2025-10-24 22328 S1600 S1600 2025-10-24 2025-10-24 Odborná literatúra pre dospelých

Powered by Koha